| 000 | 00338nam a2200121Ia 4500 | ||
|---|---|---|---|
| 999 |
_c12756 _d12756 |
||
| 082 | _aRR 005.7420952 DIR; | ||
| 245 | 0 | _aDirectory of Japanese databases in 1998/1999 | |
| 260 |
_aTokyo _bDatabase Promotion Center _c1998 |
||
| 300 | _aiii, 313p. | ||
| 504 | _aref | ||
| 650 | _aJapan - Databases - Directories - 1998-1999 | ||
| 942 |
_cBK _2ddc |
||